| 000 | 00866nam a22002297a 4500 | ||
|---|---|---|---|
| 003 | BD-DhSAU | ||
| 005 | 20210920100632.0 | ||
| 008 | 210920b ||||| |||| 00| 0 eng d | ||
| 040 | _aBD-DhSAU | ||
| 082 |
_222 _a580 _bAk79 |
||
| 100 |
_aAKTER, SHIKHA ; _eREGISTRATION NO. : #12-04757 |
||
| 245 |
_aGrowth, yield and grain quality of traditional aromatic rice cultivars in boro season / _bMs Thesis |
||
| 260 |
_aDepartment of Agricuture Botany; _bSher-e-Bangla Agricultural University, Dhaka-1207; _c2018.; |
||
| 300 |
_aix.; 51p.; _c30cm.; |
||
| 590 | _anazmul | ||
| 600 | _q grain | ||
| 610 | _atraditional aromatic rice | ||
| 700 |
_aProf. Dr. Md. Moinul Haque _eSupervisor |
||
| 710 |
_aProf. Dr. Kamal Uddin Ahmed _eCo-Supervisor |
||
| 856 |
_uhttp://archive.saulibrary.edu.bd:8080/xmlui/handle/123456789/3302 _yOnline Access |
||
| 942 |
_2ddc _cTHESIS |
||
| 999 |
_c15234 _d15233 |
||